[Event "12. Lichtenberger Sommer"]
[Site "Berlin"]
[Date "2013.08.22"]
[Round "6.1"]
[White "Rabiega, Robert"]
[Black "Von Herman, Ulf"]
[Result "1-0"]
[WhiteElo "2506"]
[BlackElo "2392"]
[PlyCount "43"]
[EventDate "2013.??.??"]
[WhiteTeam "SK König Tegel 1949 e.V."]
[BlackTeam "SK König Tegel 1949 e.V."]

1. e4 c5 2. c3 d5 3. exd5 Qxd5 4. d4 Nf6 5. Nf3 e6 6. Bd3 Be7 7. O-O O-O 8. Be3
Rd8 9. Qe2 Nc6 10. Rd1 Qh5 11. dxc5 Bxc5 12. Bxc5 Qxc5 13. Nbd2 Bd7 14. Ne4
Nxe4 15. Qxe4 Qh5 16. h4 Qg6 17. Qf4 Qf6 18. Qc7 Qe7 19. Qxb7 Rab8 20. Qc7 Rxb2
21. Be4 Qc5 22. Nd4 1-0

[Event "12. Lichtenberger Sommer"]
[Site "Berlin"]
[Date "2013.08.22"]
[Round "6.2"]
[White "Simon, Ralf-Axel"]
[Black "Stern, Rene"]
[Result "0-1"]
[WhiteElo "2194"]
[BlackElo "2504"]
[PlyCount "80"]
[EventDate "2013.??.??"]
[WhiteTeam "TSG Neuruppin"]
[BlackTeam "SK König Tegel 1949 e.V."]

1. Nf3 Nf6 2. c4 e6 3. g3 d5 4. Bg2 Be7 5. O-O O-O 6. d4 dxc4 7. Qc2 a6 8. Qxc4
b5 9. Qc2 Bb7 10. Bd2 Ra7 11. Rd1 Nbd7 12. Ba5 Be4 13. Qd2 Qb8 14. Nc3 Ba8 15.
b4 Bd6 16. a4 e5 17. axb5 axb5 18. d5 Nb6 19. e4 Nc4 20. Qe2 c6 21. dxc6 Bxc6
22. Nd5 Bxd5 23. exd5 Qa8 24. Nd2 Nxa5 25. bxa5 Rxa5 26. Rxa5 Qxa5 27. Ne4 Nxe4
28. Bxe4 g6 29. Bd3 b4 30. Bb5 Rb8 31. Bc6 b3 32. Qb2 Qa2 33. Rb1 Qxb2 34. Rxb2
Ba3 35. Rb1 b2 36. Kf1 Rb3 37. Ke2 Rc3 38. Bb5 Rc2+ 39. Kf3 f5 40. d6 Bxd6 0-1

[Event "12. Lichtenberger Sommer"]
[Site "Berlin"]
[Date "2013.08.22"]
[Round "6.3"]
[White "Kalinitschew, Sergey"]
[Black "Rehberg, Raphael"]
[Result "0-1"]
[WhiteElo "2442"]
[BlackElo "2151"]
[PlyCount "99"]
[EventDate "2013.??.??"]
[WhiteTeam "SC Kreuzberg e.V."]
[BlackTeam "SG Lok Brandenburg, Abt. Schach"]

1. d4 d5 2. c4 e6 3. Nf3 c6 4. Qc2 Bd6 5. g3 Nd7 6. Bg2 Ngf6 7. O-O O-O 8. b3
e5 9. cxd5 e4 10. Nh4 cxd5 11. Nf5 Bb4 12. Bd2 Bxd2 13. Qxd2 Nb8 14. Ne3 Nc6
15. Nc3 Be6 16. f4 exf3 17. exf3 Qd7 18. g4 Ne7 19. h3 h5 20. Rf2 hxg4 21. fxg4
Rfd8 22. Raf1 Rac8 23. Rxf6 gxf6 24. Ne2 f5 25. gxf5 Bxf5 26. Nxf5 Nxf5 27.
Qg5+ Ng7 28. Ng3 Kf8 29. h4 Rc6 30. h5 Qe7 31. Qf4 Rdd6 32. Rf2 Rf6 33. Qb8+
Ne8 34. Nf5 Rc1+ 35. Bf1 Qc7 36. Qxc7 Rxc7 37. h6 Kg8 38. Re2 Re6 39. Ne3 Rg6+
40. Bg2 Rc1+ 41. Kf2 Nf6 42. Nf5 Rg5 43. Nd6 Ng4+ 44. Kf3 Rc6 45. Kf4 Rg6 46.
Nf5 Rcf6 47. h7+ Kxh7 48. Bxd5 Nh6 49. Be4 Rg4+ 50. Ke5 0-1

[Event "12. Lichtenberger Sommer"]
[Site "Berlin"]
[Date "2013.08.22"]
[Round "6.5"]
[White "Ross, Chris N"]
[Black "Steiner, Wolfram"]
[Result "1/2-1/2"]
[WhiteElo "2240"]
[BlackElo "1978"]
[PlyCount "119"]
[EventDate "2013.??.??"]
[WhiteTeam "Schachgemeinschaft Niederkassel"]
[BlackTeam "SG Lasker Steglitz-Wilmersdorf"]

1. d4 Nf6 2. Nf3 g6 3. Nc3 d5 4. Bf4 Bg7 5. Qd2 O-O 6. Bh6 c5 7. Bxg7 Kxg7 8.
e3 Nc6 9. Ne5 cxd4 10. exd4 Qb6 11. O-O-O a5 12. f3 a4 13. a3 Be6 14. g4 Ra5
15. h4 h5 16. Bh3 hxg4 17. Nxg4 Bxg4 18. Bxg4 e5 19. h5 Qxd4 20. Qg2 Qf4+ 21.
Kb1 d4 22. Ne2 Qg5 23. hxg6 fxg6 24. Rdg1 Rc5 25. Qh2 d3 26. cxd3 Qd2 27. Nc1
Qxh2 28. Rxh2 Nxg4 29. fxg4 Rf4 30. g5 Rf5 31. Ne2 Nd4 32. Ng3 Rf3 33. Ne4 Rc6
34. Rgh1 Nb3 35. Rh7+ Kf8 36. Rxb7 Rh3 37. Rf1+ Ke8 38. Rb4 Rh2 39. Rxa4 Rcc2
40. Nd6+ Ke7 41. Nc4 Rxc4 42. Ra7+ Ke8 43. dxc4 Nd2+ 44. Kc1 Nxf1 45. Rg7 Ne3
46. Rxg6 Nxc4 47. b3 Nb2 48. Rd6 e4 49. Re6+ Kf7 50. Rxe4 Nd3+ 51. Kb1 Rb2+ 52.
Ka1 Rxb3 53. a4 Kg6 54. Rc4 Kxg5 55. Ka2 Rb8 56. Rc3 Ne5 57. Ka3 Kf6 58. a5 Ke6
59. Ka4 Kd6 60. Rb3 1/2-1/2

[Event "12. Lichtenberger Sommer"]
[Site "Berlin"]
[Date "2013.08.22"]
[Round "6.6"]
[White "Lerch, Philipp"]
[Black "Meister, Jakob"]
[Result "0-1"]
[WhiteElo "2152"]
[BlackElo "2517"]
[PlyCount "130"]
[EventDate "2013.??.??"]
[WhiteTeam "SK König Tegel 1949 e.V."]
[BlackTeam "SK Zehlendorf e.V."]

1. e4 c5 2. Nf3 e6 3. Nc3 a6 4. d4 cxd4 5. Nxd4 b5 6. Bd3 Bb7 7. O-O Qc7 8. Re1
Bc5 9. Nb3 Bd6 10. h3 Be5 11. Be3 Nf6 12. Bd4 Nc6 13. Bxe5 Nxe5 14. Qe2 O-O 15.
a4 b4 16. Nd1 d5 17. exd5 Nxd3 18. Qxd3 Nxd5 19. Ne3 Rfd8 20. Qc4 Qxc4 21. Nxc4
Rac8 22. Nbd2 Rc5 23. b3 Nc3 24. f3 Rd4 25. Re3 Bd5 26. Kf2 h5 27. Rd3 Rf4 28.
Ne3 h4 29. Nxd5 Nxd5 30. Nc4 g5 31. Re1 Kg7 32. Re4 Rc6 33. Rd2 Rf5 34. Ne3
Nxe3 35. Kxe3 a5 36. Ke2 Rfc5 37. Kd1 f5 38. Red4 Kf6 39. Rd8 Rc8 40. R8d7 R5c7
41. R7d3 Rg8 42. Rd6 Rc5 43. R6d3 g4 44. fxg4 fxg4 45. Kc1 gxh3 46. Rxh3 Rg4
47. Re2 Rcg5 48. Rf3+ Rf5 49. Rfe3 e5 50. Rd3 Rfg5 51. Rd6+ Kf5 52. Rd5 Kf4 53.
Rdd2 e4 54. Rd4 Re5 55. Kd1 Kg3 56. Re3+ Kh2 57. Ke1 Kg1 58. Kd1 Rxg2 59. Rh3
Rh2 60. Re3 Rf2 61. Rh3 Rf4 62. Rd2 Rf1+ 63. Ke2 Rf2+ 64. Ke3 Rxd2 65. Kxd2 Rh5
0-1

[Event "12. Lichtenberger Sommer"]
[Site "Berlin"]
[Date "2013.08.22"]
[Round "6.9"]
[White "Mahn, Franko"]
[Black "Lorenz, Sascha"]
[Result "1/2-1/2"]
[WhiteElo "2172"]
[BlackElo "2283"]
[PlyCount "82"]
[EventDate "2013.??.??"]
[WhiteTeam "SC Weisse Dame e.V."]
[BlackTeam "SK König Tegel 1949 e.V."]

1. d4 Nf6 2. c4 c5 3. d5 e6 4. Nc3 exd5 5. cxd5 d6 6. e4 g6 7. Nf3 Bg7 8. Be2
O-O 9. O-O Re8 10. Nd2 Nbd7 11. f4 c4 12. Bxc4 Nc5 13. Qf3 Ng4 14. e5 dxe5 15.
Nde4 Nxe4 16. Nxe4 Bf5 17. Ng3 e4 18. Qb3 Bd4+ 19. Kh1 Nxh2 20. Nxf5 gxf5 21.
Qg3+ Ng4 22. Be2 h5 23. Bb5 Qxd5 24. Bxe8 Rxe8 25. Bd2 h4 26. Qb3 Qxb3 27. axb3
Re6 28. Bc3 Bb6 29. Ba5 Bf2 30. Be1 Bc5 31. Bxh4 e3 32. Rfe1 Rh6 33. g3 Rd6 34.
Re2 Rd2 35. Rae1 Nf2+ 36. Kg2 Ng4 37. Kf3 Rd3 38. Rc1 b6 39. Rxc5 bxc5 40. Be7
Rd5 41. Rc2 Rd3 1/2-1/2

[Event "12. Lichtenberger Sommer"]
[Site "Berlin"]
[Date "2013.08.22"]
[Round "6.10"]
[White "Rietze, Clemens"]
[Black "Schmidt, Martin"]
[Result "0-1"]
[WhiteElo "2273"]
[BlackElo "2061"]
[PlyCount "82"]
[EventDate "2013.??.??"]
[WhiteTeam "USV Potsdam e.V., Abt. Schach"]
[BlackTeam "SC Borussia Friedrichsfelde 1920"]

1. e4 e5 2. Nf3 Nc6 3. Bb5 a6 4. Ba4 Nf6 5. O-O Nxe4 6. Qe2 Nc5 7. Bxc6 dxc6 8.
d4 Ne6 9. dxe5 Bc5 10. Nc3 O-O 11. Be3 Bxe3 12. Qxe3 Qe7 13. Ne4 Bd7 14. c3
Rad8 15. Nfd2 f5 16. exf6 gxf6 17. f4 Ng7 18. Rae1 Bf5 19. Qa7 b6 20. Qxa6 Qd7
21. Nf3 Qd5 22. Qa4 Ne6 23. c4 Qd7 24. Rd1 Qg7 25. Ng3 Bd3 26. Qxc6 Rd6 27.
Qxd6 cxd6 28. Rxd3 Nxf4 29. Rxd6 Qe7 30. Nf5 Qe2 31. N3h4 Qxc4 32. g3 Nh3+ 33.
Kg2 Qe2+ 34. Kxh3 Qxf1+ 35. Kg4 Qe2+ 36. Kh3 Qf1+ 37. Kg4 Qe2+ 38. Kf4 h5 39.
Rd7 Qg4+ 40. Ke3 Re8+ 41. Ne7+ Kf7 0-1

[Event "12. Lichtenberger Sommer"]
[Site "Berlin"]
[Date "2013.08.22"]
[Round "6.11"]
[White "Schmidt, Markus"]
[Black "Schneider, Christian"]
[Result "1/2-1/2"]
[WhiteElo "2061"]
[BlackElo "2221"]
[PlyCount "119"]
[EventDate "2013.??.??"]
[WhiteTeam "SK Turm Bad Hersfeld"]
[BlackTeam "SG Blau-Weiß Stadtilm"]

1. e4 c6 2. d4 d5 3. Nd2 dxe4 4. Nxe4 Nd7 5. Ng5 e6 6. Bd3 Ngf6 7. N1f3 h6 8.
Nxe6 Qe7 9. O-O fxe6 10. Bg6+ Kd8 11. c4 Qb4 12. Qe2 b5 13. Bd2 Qxc4 14. Ba5+
Nb6 15. Qe3 Qd5 16. Ne5 Kc7 17. Rac1 Kb7 18. Rxc6 Bd7 19. Rc2 Bd6 20. Bxb6 Kxb6
21. Nxd7+ Nxd7 22. Be4 Qg5 23. Rc6+ Ka5 24. Qxg5 Bxh2+ 25. Kxh2 hxg5+ 26. Kg1
Nf6 27. Rxe6 Nxe4 28. Rxe4 Rae8 29. Rfe1 Rxe4 30. Rxe4 Rc8 31. Re2 Rc1+ 32. Kh2
Rd1 33. Re7 Rd2 34. Rxa7+ Kb6 35. Rxg7 Rxf2 36. Rxg5 Rxb2 37. a3 Ra2 38. Rg3
Rd2 39. Rg6+ Kc7 40. Rg5 Kc6 41. Rg6+ Kc7 42. Rg5 Kc6 43. Rc5+ Kb6 44. Rc3 Rxd4
45. Kh3 Rc4 46. Rd3 Rc1 47. Kh4 Rc8 48. g4 Rh8+ 49. Kg3 Rg8 50. Kh3 Kc6 51. Rg3
Rh8+ 52. Kg2 Kd6 53. Kf2 Ke5 54. g5 Kf5 55. Ke3 Ra8 56. Kd4 Kf4 57. Rb3 Kxg5
58. Rxb5+ Kf6 59. Rb3 Ke6 60. Rb6+ 1/2-1/2

[Event "12. Lichtenberger Sommer"]
[Site "Berlin"]
[Date "2013.08.22"]
[Round "6.12"]
[White "Hertwig, Christopher"]
[Black "Gaerths, Ronny"]
[Result "1/2-1/2"]
[WhiteElo "2052"]
[BlackElo "2221"]
[PlyCount "106"]
[EventDate "2013.??.??"]
[WhiteTeam "SK König Tegel 1949 e.V."]
[BlackTeam "SG TT/Wiheil"]

1. c4 Nf6 2. g3 c6 3. Bg2 d5 4. Nf3 g6 5. b3 Bg7 6. Bb2 O-O 7. O-O Bg4 8. d3
Bxf3 9. Bxf3 e6 10. Nd2 Nbd7 11. Rc1 Qb6 12. Qc2 a5 13. cxd5 Nxd5 14. a3 Bxb2
15. Qxb2 h5 16. h4 Qd8 17. b4 axb4 18. axb4 Nc7 19. Nc4 Nb5 20. Na5 Rb8 21. Ra1
Qe7 22. Rfc1 e5 23. Qd2 Kh7 24. Bg2 Nf6 25. Qg5 Kg7 26. Rc5 Rfe8 27. Bxc6 bxc6
28. Nxc6 Qd6 29. Nxb8 Qxb8 30. Qd2 Nd4 31. Qb2 Qd6 32. Ra7 Re7 33. Rxe7 Qxe7
34. f4 Ne6 35. Rxe5 Kh7 36. Ra5 Ng4 37. Ra8 Ng7 38. e4 Qb7 39. Ra1 Ne6 40. Qd2
Qb6+ 41. Kh1 Nf2+ 42. Kg2 Qd4 43. Qxf2 Qxa1 44. f5 Ng7 45. b5 Qb1 46. b6 gxf5
47. exf5 Qb5 48. Qf3 Qxb6 49. f6 Qb2+ 50. Kh3 Ne6 51. Qxh5+ Kg8 52. Qg4+ Kf8
53. Qf3 Qa1 1/2-1/2

[Event "12. Lichtenberger Sommer"]
[Site "Berlin"]
[Date "2013.08.22"]
[Round "6.13"]
[White "Martin, Julian"]
[Black "Brüdigam, Martin"]
[Result "0-1"]
[WhiteElo "1888"]
[BlackElo "2312"]
[PlyCount "152"]
[EventDate "2013.??.??"]
[WhiteTeam "OSG Baden-Baden"]
[BlackTeam "USV Potsdam e.V., Abt. Schach"]

1. e4 e5 2. Nf3 Nc6 3. Bb5 a6 4. Ba4 Nge7 5. O-O g6 6. d3 Bg7 7. c3 O-O 8. Re1
b5 9. Bb3 Bb7 10. Bg5 h6 11. Bh4 d6 12. Nbd2 Qd7 13. a4 Kh7 14. Qe2 Na5 15. Bc2
c5 16. axb5 axb5 17. Bxe7 Qxe7 18. h4 Nc6 19. h5 Rxa1 20. Rxa1 Ra8 21. Rxa8
Bxa8 22. g3 Bb7 23. Nh4 Bf6 24. Qg4 Bxh4 25. gxh4 Qe6 26. Qf3 gxh5 27. Qxh5
Qg6+ 28. Qxg6+ Kxg6 29. Nf1 Ne7 30. Ng3 Bc8 31. Kg2 f5 32. Bd1 f4 33. Nf1 Kf6
34. h5 Nc6 35. Nh2 Be6 36. Bf3 b4 37. Bd1 Ne7 38. Bf3 Nc6 39. Bd1 bxc3 40. bxc3
Ne7 41. Be2 Nc6 42. Nf1 Na7 43. Nd2 Nb5 44. Nb1 Ba2 45. c4 Nd4 46. Nc3 Nxe2 47.
Nxa2 Kg5 48. f3 Ng3 49. Nc3 Kf6 50. Nd5+ Ke6 51. Kh3 Nxh5 52. Kg4 Ng3 53. Nc7+
Kd7 54. Nd5 Ke6 55. Nc7+ Kf7 56. Nb5 Ke7 57. Nc3 Nf1 58. Kh3 Ne3 59. Kh4 Ng2+
60. Kh5 Ne1 61. Kxh6 Nxf3 62. Nd1 Nd4 63. Kg7 Nc2 64. Kg6 Ne3 65. Nf2 Ke6 66.
Kg7 Kd7 67. Kf6 Nc2 68. Ng4 Nd4 69. Nf2 Nf3 70. Ng4 Kc6 71. Ke7 Kc7 72. Ke6
Ng5+ 73. Ke7 Nh3 74. Nf6 f3 75. Ke6 Nf4+ 76. Kf5 f2 0-1

[Event "12. Lichtenberger Sommer"]
[Site "Berlin"]
[Date "2013.08.22"]
[Round "6.14"]
[White "Thorarinsson, Pall A"]
[Black "Burger, Heinrich"]
[Result "1-0"]
[WhiteElo "2222"]
[BlackElo "2120"]
[PlyCount "111"]
[EventDate "2013.??.??"]
[WhiteTeam "Athenaeum Chess Club London"]
[BlackTeam "VfB Hermsdorf e.V."]

1. d4 Nf6 2. c4 e6 3. Nf3 b6 4. g3 Bb7 5. Bg2 Be7 6. O-O d5 7. cxd5 exd5 8.
Qa4+ c6 9. Ne5 O-O 10. Nc3 a5 11. Rd1 Qd6 12. Bf4 Qe6 13. Qb3 Nfd7 14. e4 a4
15. Nxa4 dxe4 16. Qxe6 fxe6 17. Nc3 c5 18. Nxe4 cxd4 19. Rxd4 Nxe5 20. Bxe5 Nc6
21. Rd7 Bc8 22. Rc7 Nxe5 23. Rxe7 Ra4 24. Nd6 Ba6 25. Rxe6 Nf3+ 26. Bxf3 Rxf3
27. Re8+ Rf8 28. Rae1 g6 29. Rxf8+ Kxf8 30. Re8+ Kg7 31. Rb8 Rxa2 32. Rxb6 Bd3
33. f4 Ra1+ 34. Kf2 Rh1 35. Ke3 Bb1 36. Rb7+ Kg8 37. h4 Rd1 38. Nc4 Rd3+ 39.
Kf2 Rd4 40. Ne5 h5 41. Rd7 Rb4 42. Rd2 Rb3 43. Nf3 Rb4 44. Nd4 Rb7 45. b3 Kf7
46. Rb2 Be4 47. b4 Ra7 48. b5 Ra4 49. Ke3 Bd5 50. b6 Ra3+ 51. Kf2 Bb7 52. f5
gxf5 53. Rb5 Kg6 54. Rxf5 Rd3 55. Rg5+ Kh6 56. Nf5+ 1-0

[Event "12. Lichtenberger Sommer"]
[Site "Berlin"]
[Date "2013.08.22"]
[Round "6.15"]
[White "Heerde, Thomas"]
[Black "Friedrich, Wiede"]
[Result "*"]
[WhiteElo "2011"]
[BlackElo "2253"]
[PlyCount "72"]
[EventDate "2013.??.??"]
[WhiteTeam "SC Weisse Dame e.V."]
[BlackTeam "USV Potsdam e.V., Abt. Schach"]

1. Nf3 Nf6 2. g3 c5 3. Bg2 Nc6 4. O-O d6 5. d3 g6 6. e4 Bg7 7. Nbd2 O-O 8. c3
b5 9. e5 dxe5 10. Nxe5 Nxe5 11. Bxa8 Nd5 12. Qb3 c4 13. dxc4 bxc4 14. Qb5 Nc7
15. Qb8 Nxa8 16. Qxa8 Qc7 17. Qe4 Rd8 18. f3 Bh3 19. Rf2 Nd3 20. Nf1 Nxf2 21.
Kxf2 Bf5 22. Qe2 Bd3 23. Qe1 Qb6+ 24. Kg2 Qb7 25. Qf2 Bf5 26. Ne3 Be6 27. Nc2
Rd1 28. Be3 Rd3 29. Nd4 Bxd4 30. cxd4 Rxe3 31. d5 Bxd5 32. Qxe3 Qxb2+ 33. Kh3
Qxa1 34. Qxe7 Qf1+ 35. Kh4 Qxf3 36. Qxa7 Qh5# *

[Event "12. Lichtenberger Sommer"]
[Site "Berlin"]
[Date "2013.08.22"]
[Round "6.16"]
[White "Sieglen, Joachim"]
[Black "Schildt, Rene"]
[Result "1-0"]
[WhiteElo "2270"]
[BlackElo "2053"]
[PlyCount "81"]
[EventDate "2013.??.??"]
[WhiteTeam "SC Untergrombach 46"]
[BlackTeam "SC Zugzwang 95 e.V."]

1. c4 Nf6 2. Nc3 g6 3. Nf3 Bg7 4. e4 d6 5. d4 O-O 6. Be2 Na6 7. O-O e5 8. Be3
Bg4 9. d5 Nc5 10. Nd2 Bxe2 11. Qxe2 Qd7 12. f3 Na4 13. Nxa4 Qxa4 14. c5 dxc5
15. Bxc5 Rfc8 16. b3 Qd7 17. Nc4 Ne8 18. Ba3 b6 19. Rfd1 f6 20. Rd3 Bf8 21.
Bxf8 Kxf8 22. Qd2 Nd6 23. Rc1 Nb5 24. f4 exf4 25. Qxf4 Kg7 26. e5 fxe5 27. Nxe5
Qf5 28. Qxf5 gxf5 29. a4 Nd6 30. Rdc3 Ne4 31. Rxc7+ Rxc7 32. Rxc7+ Kf6 33. Nc6
Nc5 34. Rxa7 Rxa7 35. Nxa7 Ke5 36. Nc8 Nd7 37. d6 Kd5 38. Kf2 Kc5 39. Kg3 Kb4
40. Kf4 Kxb3 41. Nxb6 1-0

[Event "12. Lichtenberger Sommer"]
[Site "Berlin"]
[Date "2013.08.22"]
[Round "6.17"]
[White "Moritz, Aron"]
[Black "Guenther, Thomas"]
[Result "1-0"]
[WhiteElo "2193"]
[BlackElo "2088"]
[PlyCount "65"]
[EventDate "2013.??.??"]
[WhiteTeam "Sfrd. Berlin 1903 e.V."]
[BlackTeam "SV Senat"]

1. e4 c5 2. Nf3 Nc6 3. d4 cxd4 4. Nxd4 Qb6 5. Nb3 Nf6 6. Nc3 e6 7. Qe2 d6 8. g4
a6 9. Be3 Qc7 10. g5 Nd7 11. O-O-O Be7 12. f4 b5 13. Kb1 Nb6 14. a3 Nc4 15. Bc1
Bd7 16. h4 N6a5 17. Na2 O-O-O 18. a4 Kb8 19. Nxa5 Nxa5 20. Rh3 Rc8 21. Nb4 Qb7
22. axb5 axb5 23. Ra3 d5 24. Bd2 Rc4 25. Rxa5 Bxb4 26. Bxb4 Rxb4 27. exd5 Qc7
28. Ra3 Qxf4 29. dxe6 Bxe6 30. Bg2 Rc8 31. Qd3 Qe5 32. Ra8+ Kc7 33. Rxc8+ 1-0

[Event "12. Lichtenberger Sommer"]
[Site "Berlin"]
[Date "2013.08.22"]
[Round "6.19"]
[White "Kornrumpf, Joachim"]
[Black "Vogel, Robert"]
[Result "1/2-1/2"]
[WhiteElo "2084"]
[BlackElo "2256"]
[PlyCount "130"]
[EventDate "2013.??.??"]
[WhiteTeam "Preetzer TSV"]
[BlackTeam "SG Pang-Rosenheim 1910 e.V."]

1. b3 e5 2. Bb2 Nc6 3. e3 d6 4. Nf3 Nge7 5. d4 Ng6 6. Bb5 Bd7 7. Nbd2 Be7 8.
dxe5 dxe5 9. O-O f6 10. Bc4 Na5 11. Bd3 O-O 12. c4 Be6 13. Qc2 Qe8 14. Rad1 Nc6
15. a3 a5 16. Nb1 f5 17. Be2 e4 18. Nd4 Nxd4 19. Bxd4 Qf7 20. Rc1 Bd6 21. Qb2
c5 22. Bc3 f4 23. Nd2 f3 24. gxf3 Nh4 25. Kh1 exf3 26. Rg1 g6 27. Bd3 Bh3 28.
Rg5 Bg2+ 29. Kg1 Be7 30. Be4 Bh3 31. Rg3 Be6 32. Nxf3 Nxf3+ 33. Rxf3 Qe8 34.
Bxb7 Rxf3 35. Bxf3 Rb8 36. Bxa5 Qf7 37. Bg2 Bxc4 38. Qe5 Rxb3 39. Bc3 Kf8 40.
Bc6 Be6 41. a4 Rb6 42. Qc7 Rb3 43. Qe5 Rb6 44. Bg2 Bd6 45. Qh8+ Ke7 46. Qa8 Rb8
47. Qa7+ Kf8 48. Qxf7+ Kxf7 49. a5 Bc4 50. Rd1 Ke7 51. f4 Rb3 52. Rc1 Ra3 53.
Bd2 Ba6 54. e4 Ra2 55. Be3 c4 56. e5 Bb4 57. Bf1 Rxa5 58. Bxc4 Bc5 59. Kf2 Bxc4
60. Rxc4 Ra2+ 61. Kf3 Bxe3 62. Kxe3 Rxh2 63. Rc7+ Ke6 64. Rc6+ Ke7 65. Rc7+ Ke6
1/2-1/2

[Event "12. Lichtenberger Sommer"]
[Site "Berlin"]
[Date "2013.08.22"]
[Round "6.20"]
[White "Schleich, Theodor"]
[Black "Reichenbach, Werner"]
[Result "0-1"]
[WhiteElo "2051"]
[BlackElo "2279"]
[PlyCount "146"]
[EventDate "2013.??.??"]
[WhiteTeam "SK Siemens München"]
[BlackTeam "Schachclub Oberkrämer"]

1. d4 e6 2. e4 d5 3. e5 c5 4. c3 Nc6 5. Nf3 Qb6 6. a3 Bd7 7. b4 cxd4 8. cxd4
Rc8 9. Be3 Nge7 10. Bd3 Nf5 11. Bxf5 exf5 12. O-O Be6 13. Qd3 Be7 14. Nc3 Qd8
15. Rfc1 O-O 16. Rc2 Qd7 17. Qe2 h6 18. h4 Nb8 19. Rac1 Rc6 20. Na4 Rxc2 21.
Qxc2 b6 22. Nb2 Rc8 23. Qxc8+ Qxc8 24. Rxc8+ Bxc8 25. Nd3 Nc6 26. g3 Nd8 27.
Nf4 Bb7 28. Nd2 Ne6 29. Nb1 g5 30. Nxe6 fxe6 31. hxg5 hxg5 32. b5 Kf7 33. Bc1
Kg6 34. f3 a6 35. a4 axb5 36. axb5 Bc8 37. Ba3 Bd8 38. Kf2 Bd7 39. Nc3 Kh5 40.
Bd6 Be8 41. Kg2 Kg6 42. Kf2 Kg7 43. Ke3 Bg6 44. Bb4 Kf7 45. Bd6 Kg7 46. Bb4 Kh6
47. Bf8+ Kh5 48. Bb4 f4+ 49. gxf4 gxf4+ 50. Kxf4 Bg5+ 51. Kg3 Be3 52. Bc5 Be8
53. Bxb6 Bd2 54. Nb1 Be1+ 55. Kf4 Bxb5 56. Ke3 Kg5 57. Na3 Ba6 58. Nc2 Bg3 59.
Nb4 Bf4+ 60. Kf2 Bb5 61. Na2 Bd2 62. Bc5 Kf4 63. Nb4 Be3+ 64. Kg2 Be2 65. Nc2
Bxf3+ 66. Kf1 Bd2 67. Kf2 Ke4 68. Nb4 Be3+ 69. Kg3 Bh5 70. Nc2 Bf4+ 71. Kg2 Bd1
72. Nb4 Be3 73. Na2 Bxd4 0-1